| 000 | 00393nam a2200157Ia 4500 | ||
|---|---|---|---|
| 001 | 72873 | ||
| 008 | 160428s9999 xx 000 0 und d | ||
| 020 | _a9781472726603 | ||
| 040 | _cPK-LaUMT | ||
| 082 |
_a 657.3 _bACCA-P2 |
||
| 245 | _aCorporate reporting [ACCA, study text, BPP. 2016] / | ||
| 260 |
_aLondon: _bBPP Learning Media, _c2015 |
||
| 300 | _a688 p. | ||
| 546 | _aEN | ||
| 942 | _cBK | ||
| 999 |
_c85826 _d85826 |
||